| 000 | 00394nam a2200169 a 4500 | ||
|---|---|---|---|
| 001 | 34538 | ||
| 005 | 20180714002700.0 | ||
| 008 | 140415s1972 sp 000 0 spa d | ||
| 041 | _aspa | ||
| 082 |
_a200 _bBER |
||
| 100 | 1 | _aBERNARD, R. G. | |
| 245 | 1 | 4 | _aLAS RELIGIONES |
| 250 | _a1a ed. | ||
| 260 |
_aESPAÑA : _bBRUGUERA, _c1972 |
||
| 300 | _a219 | ||
| 650 | 1 | 4 | _aRELIGION |
| 999 |
_c34538 _d34538 |
||